Načítá se...

Indian Linguisitcs: Journal of Linguisitc Society of India, VolIII

Podrobná bibliografie
Médium: Printed Book
Vydáno: Poona Linguistic Society of India 1965
Témata:
LEADER 00469nam a22001217a 4500
082 |a 410  |b LIN/L 
245 |a Indian Linguisitcs:  |b Journal of Linguisitc Society of India, VolIII 
260 |a Poona  |b Linguistic Society of India  |c 1965 
300 |a 703p 
650 |a Language/ Linguistics  |9 314539 
942 |c BK 
999 |c 74558  |d 74558 
952 |0 0  |1 0  |4 0  |6 410_000000000000000_LIN_L  |7 0  |8 LIN  |9 87829  |a MAL  |b MAL  |d 2017-03-16  |e 23346A  |g 50.00  |l 0  |o 410 LIN/L  |p MAL023346A  |r 2017-03-16  |t 1  |w 2017-03-16  |y BK